Horatio Nelson (Record no. 1372)

000 -LEADER
fixed length control field 00543nam a22002177a 4500
003 - CONTROL NUMBER IDENTIFIER
control field OSt
005 - DATE AND TIME OF LATEST TRANSACTION
control field 20210426081904.0
008 - FIXED-LENGTH DATA ELEMENTS--GENERAL INFORMATION
fixed length control field 210215s1999 ||||| |||| 00| 0 eng d
020 ## - INTERNATIONAL STANDARD BOOK NUMBER
International Standard Book Number 1860199089
040 ## - CATALOGING SOURCE
Original cataloging agency eng
Language of cataloging eng
Transcribing agency DLC
041 ## - LANGUAGE CODE
Language code of text/sound track or separate title eng
080 ## - UNIVERSAL DECIMAL CLASSIFICATION NUMBER
Universal Decimal Classification number 92
Item number P-78
100 ## - MAIN ENTRY--PERSONAL NAME
9 (RLIN) 864
Personal name Pocock, Tom
245 ## - TITLE STATEMENT
Title Horatio Nelson
Statement of responsibility, etc. / by: Brockhampton Press
260 ## - PUBLICATION, DISTRIBUTION, ETC.
Place of publication, distribution, etc. London
Name of publisher, distributor, etc. Brockhampton Press
Date of publication, distribution, etc. 1999
300 ## - PHYSICAL DESCRIPTION
Extent 364 p.
Other physical details ill.
365 ## - TRADE PRICE
Price amount 20 gbp
650 #0 - SUBJECT ADDED ENTRY--TOPICAL TERM
9 (RLIN) 237
Topical term or geographic name entry element Biography
653 ## - INDEX TERM--UNCONTROLLED
Uncontrolled term ბიოგრაფია
942 ## - ADDED ENTRY ELEMENTS (KOHA)
Source of classification or shelving scheme
Koha item type Books
Holdings
Withdrawn status Lost status Source of classification or shelving scheme Damaged status Not for loan Permanent location Current location Date acquired Inventory number Total Checkouts Full call number Barcode Date last seen Price effective from Koha item type
          Ken Walker International University Ken Walker International University 02/15/2021 282   92 P-78 282 02/15/2021 02/15/2021 Books

Powered by Koha